MARC

LEADER 00000nam0a2200000 4500
001 348891
005 20231102010142.0
035 |a (RuTPU)RU\TPU\retro\748 
090 |a 348891 
100 |a 20180326d1960 km y0rusy50 ca 
101 0 |a rus 
102 |a RU 
105 |a a g 001zy 
200 1 |a Справочник мастера колонкового бурения  |f А. Л. Авруцкий [и др.] 
210 |a Москва  |c Госгортехиздат  |d 1960 
215 |a 528 с.  |c ил. 
320 |a Библиогр.: с. 522-524 
606 1 |a Бурение колонковое  |x Гидрогеологические наблюдения  |2 stltpush  |3 (RuTPU)RU\TPU\subj\30272  |9 53401 
610 1 |a горные породы 
610 1 |a буримость 
610 1 |a физико-механические свойства 
610 1 |a агрегаты 
610 1 |a установки 
610 1 |a насосы 
610 1 |a силовое оборудование 
610 1 |a бурильные трубы 
610 1 |a буровой инструмент 
610 1 |a буровые вышки 
610 1 |a буровые мачты 
610 1 |a материалы 
610 1 |a контрольно-измерительные приборы 
610 1 |a сплошной забой 
610 1 |a твердые сплавы 
610 1 |a дробь 
610 1 |a алмазное бурение 
610 1 |a керн 
610 1 |a давление 
610 1 |a регулирование 
610 1 |a промывка 
610 1 |a скважины 
610 1 |a промывочные жидкости 
610 1 |a тампонаж 
610 1 |a искривление 
610 1 |a аварии 
610 1 |a эксплуатация 
610 1 |a вспомогательные работы 
610 1 |a справочники 
675 |a 622.243.5(035)  |v 4 
701 1 |a Авруцкий  |b А. Л.  |g Абрам Лазаревич 
701 1 |a Волков  |b С. А. 
701 1 |a Демьянова  |b Е. А. 
701 1 |a Кривенко  |b М. Г. 
701 1 |a Любимов  |b Н. И. 
801 1 |a RU  |b 63413507  |c 20180326 
801 2 |a RU  |b 63413507  |c 20180327  |g RCR 
942 |c BK